000 00880cac a2200253 a 4500
003 Co-PeBPM
005 20260303094213.0
007 ta
008 231129s1986||||ck a||||||||||||| ||spa||
020 _a9686630279
040 _aCo-PeBPM
_bspa
_cCo-PeBPM
_erda
041 _aspa
082 0 4 _a519.5 M612p
_222
100 1 _aMeyer, Paul L.
_eautor
245 1 0 _aProbabilidad y aplicaciones estadisticas
_c/ Paul L. Meyer; versión en español por Carlos Prado Campos, Germán Ardila Cuéllar
264 _aMéxico
_b: Sistemas Técnicos
_c, 1986
300 _a372 páginas
_b: ilustraciones en blanco y negro
_c; 22 centímetros
500 _aIncluye índice.
650 1 4 _aEstadística matemática
_2LEMB
650 1 4 _aProbabilidades
_2LEMB
650 1 4 _aAplicaciones
_2LEMB
700 _aCampos Prado, Carlos; Ardila Cuéllar, Germán
_eVersión en español
942 _2ddc
_cBK
999 _c23250
_d23250